000 00516nam a2200205Ia 4500
003 OSt
005 20230504112619.0
008 210423s2008 xx 000 0 und d
020 _a9788131200013
040 _cAL
041 _aeng
082 _a574.1925
_223
_bDORP
100 _aDORAN (Pauline M).
_997578
245 _aBioprocess engineering principles.
260 _aLondon
_bAcademic Press
_c2008
300 _axiv,439
_bPB
365 _b325
_cINR
906 _aBioprocess ; engineering
942 _2ddc
_cBK
999 _c163554
_d163554